The toy gun and other stories / (Record no. 124143)
[ view plain ]
| 000 -LEADER | |
|---|---|
| fixed length control field | 00460nam a22001577a 4500 |
| 005 - DATE AND TIME OF LATEST TRANSACTION | |
| control field | 20250730145521.0 |
| 008 - FIXED-LENGTH DATA ELEMENTS--GENERAL INFORMATION | |
| fixed length control field | 250730b |||||||| |||| 00| 0 eng d |
| 020 ## - INTERNATIONAL STANDARD BOOK NUMBER | |
| International Standard Book Number | 9789937983556 |
| 082 ## - DEWEY DECIMAL CLASSIFICATION NUMBER | |
| Edition number | 23rd. |
| Classification number | 808.899282 |
| Item number | C35t |
| 100 1# - MAIN ENTRY--PERSONAL NAME | |
| Personal name | Chalise, Vijaya |
| 245 ## - TITLE STATEMENT | |
| Title | The toy gun and other stories / |
| Statement of responsibility, etc. | Vijaya Chalise. |
| 260 ## - PUBLICATION, DISTRIBUTION, ETC. | |
| Place of publication, distribution, etc. | Kathmandu : |
| Name of publisher, distributor, etc. | Swar Publications, |
| Date of publication, distribution, etc. | 2025. |
| 300 ## - PHYSICAL DESCRIPTION | |
| Extent | 167p. : ill. |
| 650 ## - SUBJECT ADDED ENTRY--TOPICAL TERM | |
| Topical term or geographic name entry element | Children's literature |
| 9 (RLIN) | 13418 |
| 942 ## - ADDED ENTRY ELEMENTS (KOHA) | |
| Source of classification or shelving scheme | Dewey Decimal Classification |
| Koha item type | General Collections |
| Withdrawn status | Lost status | Source of classification or shelving scheme | Damaged status | Not for loan | Home library | Current library | Shelving location | Date acquired | Total Checkouts | Full call number | Barcode | Date last seen | Price effective from | Koha item type |
|---|---|---|---|---|---|---|---|---|---|---|---|---|---|---|
| Dewey Decimal Classification | Tribhuvan University Central Library | Tribhuvan University Central Library | New Building | 07/30/2025 | 808.899282 C35t | G96353 | 07/30/2025 | 07/30/2025 | General Collections | |||||
| Dewey Decimal Classification | Tribhuvan University Central Library | Tribhuvan University Central Library | New Building | 07/30/2025 | 808.899282 C35t | G96354 | 07/30/2025 | 07/30/2025 | General Collections | |||||
| Dewey Decimal Classification | Tribhuvan University Central Library | Tribhuvan University Central Library | New Building | 07/30/2025 | 808.899282 C35t | G96355 | 07/30/2025 | 07/30/2025 | General Collections |
